Top 10 Most Populous Landlocked Countries - Statistics

General Stats
  • This quiz has been taken 3,952 times
  • The average score is 6 of 10
Answer Stats
Population Country % Correct
17,753,200 Kazakhstan
84%
20,715,000 Niger
76%
101,853,000 Ethiopia
72%
18,341,000 Mali
65%
27,657,145 Afghanistan
64%
31,575,300 Uzbekistan
62%
30,986,975 Nepal
59%
36,860,700 Uganda
56%
19,034,397 Burkina Faso
38%
16,832,910 Malawi
29%
No matching quizzes found
Score Distribution
Percent of People with Each Score
Percentile by Number Answered
Your Score History
You have not taken this quiz